| 000 | 00396 a2200133 4500 | ||
|---|---|---|---|
| 001 | 91952 | ||
| 082 | _aPR 1724 | ||
| 090 |
_c43899 _d43898 |
||
| 100 | _aSaleem Shabbir; Prof tif Bin Mansoor, Advisor | ||
| 245 |
_aDevelopment of application specific IC for visual monitoring of driver's alertness _n64 'B" EC |
||
| 260 |
_aRawalpindi _bNUST _c2008 |
||
| 300 | _a37p | ||
| 500 | _aBE Project Report | ||
| 942 |
_aCAE NUST _kPR 1724 |
||
| 999 |
_c327025 _d327025 |
||